Статистико-физический метод исследования надежности электронных приборов по данным эксплуатации; Измерительная техника; № 6

מידע ביבליוגרפי
Parent link:Измерительная техника=Measurement Techniques: научно-технический журнал/ Российская Федерация, Федеральное агентство по техническому регулированию и метрологии (Ростехрегулирование) (Госстандарт России).— , 1940-1941, 1955-.— 0368-1025
№ 6.— 2003.— С. 59-60
מחבר ראשי: Гродзенский С. Я.
שפה:רוסית
יצא לאור: 2003
סדרה:Радиотехнические измерения
נושאים:
פורמט: Book Chapter
KOHA link:https://koha.lib.tpu.ru/cgi-bin/koha/opac-detail.pl?biblionumber=387395

MARC

LEADER 00000naa2a2200000 4500
001 387395
005 20231101063612.0
035 |a (RuTPU)RU\TPU\prd\17011 
090 |a 387395 
100 |a 20030905a2003 k y0rusy50 ca 
101 0 |a rus 
102 |a RU 
200 1 |a Статистико-физический метод исследования надежности электронных приборов по данным эксплуатации  |f С. Я. Гродзенский 
225 1 |a Радиотехнические измерения 
320 |a Библиогр.: 4 назв. 
461 1 |0 (RuTPU)RU\TPU\prd\1509  |x 0368-1025  |t Измерительная техника  |l Measurement Techniques  |o научно-технический журнал  |f Российская Федерация, Федеральное агентство по техническому регулированию и метрологии (Ростехрегулирование) (Госстандарт России)  |d 1940-1941, 1955- 
463 1 |0 (RuTPU)RU\TPU\prd\16182  |t № 6  |v С. 59-60  |d 2003 
610 1 |a надежность 
610 1 |a смесь распределений 
610 1 |a ресурсы 
610 1 |a распределение Вейбулла 
610 1 |a экспоненциальное распределение 
610 1 |a электронные приборы 
675 |a 621.3.019.3  |v 3 
700 1 |a Гродзенский  |b С. Я. 
801 1 |a RU  |b 63413507  |c 20030905  |g PSBO 
801 2 |a RU  |b 63413507  |c 20121217  |g RCR 
942 |c BK